|
|
|
|
| LEADER |
01155ncm a2200301 a 4500 |
| 001 |
c000317578 |
| 003 |
CARM |
| 005 |
19930830000000.0 |
| 008 |
860326q19001986enksyu eng d |
| 019 |
1 |
|
|a 4423164
|5 LACONCORD2021
|
| 028 |
2 |
0 |
|a E.E. 3618
|b E. Eulenburg
|
| 035 |
|
|
|a (OCoLC)4169977
|5 LACONCORD2021
|
| 040 |
|
|
|a WCX
|b eng
|c WCX
|d 3472
|
| 048 |
|
|
|a oa
|
| 082 |
0 |
4 |
|a 784.21840265
|2 20
|
| 084 |
|
|
|a MME
|2 bcm
|
| 100 |
1 |
|
|a Beethoven, Ludwig van,
|d 1770-1827.
|
| 240 |
1 |
0 |
|a Symphonies,
|n no. 1, op. 21,
|r C major
|
| 245 |
1 |
0 |
|a Symphony no. 1, C major, op. 21
|h [music] /
|c by Ludwig van Beethoven ; with foreword by Wilh. Altmann ; edited by Max Unger.
|
| 260 |
|
|
|a London :
|b E. Eulenburg,
|c [19--]
|
| 300 |
|
|
|a 1 miniature score (vi, 84 p.) ;
|c 19 cm.
|
| 490 |
0 |
|
|a Edition Eulenburg ;
|v no. 418
|
| 500 |
|
|
|a Pl. no.: E.E. 3618.
|
| 650 |
|
0 |
|a Symphonies
|x Scores.
|
| 700 |
1 |
|
|a Unger, Max,
|d 1883-1959.
|
| 852 |
8 |
|
|b CARM
|h A2:AO15A0
|i B06564
|p 0302682
|f MU
|
| 999 |
f |
f |
|i 332798ad-c8d2-537a-a52b-bf2c5ad2fb30
|s 103e5f09-6292-5766-81e3-0a1a0bdf516c
|
| 952 |
f |
f |
|p Can circulate
|a CAVAL
|b CAVAL
|c CAVAL
|d CARM 1 Store
|e B06564
|f A2:AO15A0
|h Other scheme
|i unspecified
|m 0302682
|